00518nam a22001337a 4500020001600000082001000016100003700026245012000063260003800183300002600221650005500247700002500302856005700327 qHard Cover. a621.3 aRaza, Haseeb ; Zawar Shah, Syed aDevelopment to of Robust Face Recognition System by Fusing IR and Visible Spectra /cHaseeb Raza ; Syed Zawar Shah. aIslamabad :bSEECS - NUST,c2019. a47 p. : ill. ;c30cm. aElectrical Electronics Engineering-Project Report. aDr. Muhammd Shahzad. uhttp://10.250.8.41:8080/xmlui/handle/123456789/29537